000 00715nam a22001937a 4500
999 _c178733
_d178733
005 20210412143634.0
010 _aENG-129439
020 _c1695.00
_a978-93-89991-26-0
035 _aEN-112971
037 _bDBAD/PUB
082 _a346.540682
100 _aDesai, Satyajeet A
245 _aThe Law of Partnership in India/
_cSatyajeet A Desai
250 _a8th
260 _aHaryana
_bLexis Nexis
_c2020
270 _a14th Floor, Building No 10, Tower B, DLF Colony Cyber City, Phase-II, Gurgaon
_bHaryana
_e122002
_k91 124 4774444
_mhelp.in@lexisnexis.com
_l91 124 4774100
300 _acxx+615p.
_c24cm(hbk)
_bincluding Bibliographical references and index.
942 _2ddc
_cEN
_h346.540682
_mDES